Vista normal
Vista MARC
Entrada Topical Term
Número de registros utilizados en: 1
001 - CONTROL NUMBER
- control field: 39217
003 - CONTROL NUMBER IDENTIFIER
- control field: OSt
005 - DATE AND TIME OF LATEST TRANSACTION
- control field: 20210809162509.0
008 - FIXED-LENGTH DATA ELEMENTS
- fixed length control field: 210809|| aca||aabn | a|a d
040 ## - CATALOGING SOURCE
- Original cataloging agency: OSt
- Transcribing agency: OSt
150 ## - HEADING--TOPICAL TERM
- Topical term or geographic name entry element: Inversiones
- Geographic subdivision: Evaluación económica
670 ## - SOURCE DATA FOUND
- Source citation: Work cat.: (OSt)8276: Varela Villegas, Rodrigo, 16820 autor, Evaluación económica de alternativas operacionales y proyectos de inversión / , ©1982